Identificació de 63 parcel·les sobrants de vial propietat de la Diputació de Barcelona / Institut de Tecnologia de la Construcció de Catalunya
Descripción Física:
222 p. : mapes ; 29 cm
MARC
| LEADER | 00000nam a2200000Ia 4500 | ||
|---|---|---|---|
| 001 | 19253 | ||
| 003 | BGR | ||
| 005 | 20260324180004.0 | ||
| 008 | 160829s1986 xx 000 0 cat d | ||
| 080 | |a C-2-515 | ||
| 245 | |a Identificació de 63 parcel·les sobrants de vial propietat de la Diputació de Barcelona / Institut de Tecnologia de la Construcció de Catalunya | ||
| 260 | |a Barcelona : |b [Diputació de Barcelona. Àrea de Planificació i Hisenda], |c 1986 | ||
| 300 | |a 222 p. : |b mapes ; |c 29 cm | ||
| 590 | |a A la coberta: Aquest reconeixment i informe l'ha finançat Diputació de Barcelona | ||
| 650 | |a Parcel·lació del sòl |x Barcelona (Província) |9 43233 | ||
| 710 | 1 | |a Barcelona (Catalunya : Província). |b Diputació |9 52408 | |
| 901 | |a Arxiu | ||
| 942 | |n 1 |2 udc |c MON | ||
| 952 | |0 0 |1 0 |4 0 |6 C2515 |7 1 |9 51294 |a Arxiu |b Arxiu |d 2016-12-01 |l 0 |o C-2-515 |p 19253 |r 2016-12-01 00:00:00 |w 2016-12-01 |y ARXIU | ||
| 999 | |c 55138 |d 55138 | ||